UFC Fighters by Amount of Wins - Statistics

General Stats
  • This quiz has been taken 167 times
    35 since last reset
  • The average score is 6 of 11
Answer Stats
Hint Answer % Correct
22 Demian Maia | Jon Jones | Dustin Poirier
97%
24 Neil Magny
85%
23 Andrei Arlovski | Donald Cerrone | Max Holloway
79%
16 Amanda Nunes | Aljamain Sterling | Vicente Luque | Glover Teixeira | Chuck Liddell | Lyoto Machida | Randy Couture | Nate Diaz | Gleison Tibau | Frank Mir | Alex Caceres | Brad Tavares | Kamaru Usman
76%
27 Jim Miller
74%
17 Robert Whittaker | Anderson Silva | Jessica Andrade | Matt Brown | Beneil Dariush | Islam Makhachev
71%
20 Georges St. Pierre | Michael Bisping | Derrick Lewis
53%
25 Charles Oliveira
21%
18 Matt Hughes | Francisco Trinaldo | Frankie Edgar | Edson Barboza | Clay Guida | Sean Strickland
18%
21 Rafael Dos Anjos
9%
19 Darren Elkins | Diego Sanchez
6%
No matching quizzes found
Score Distribution
Percent of People with Each Score
Percentile by Number Answered
Your Score History
You have not taken this quiz since the last reset